MDQL
is popping MORE tags! Check the
thread
!
Quizzes
Events
Quiz Creation
Community
Videos
Private Events
Remove Ads
Sign In
Join for FREE
Feedback
Dark Mode
Quiz Categories
Sports
Geography
Music
Movies
Television
Just For Fun
Miscellaneous
History
Literature
Language
Science
Gaming
Entertainment
Religion
Holiday
For Kids
Quiz Lab
Recent
Popular Today
Quiz Kudos Today
Editor Picks
Curator Picks
Quizzes by...
Day
Popularity
Type
Ratings
Length
Year
Community
Subscriptions
Recent Discussions
Orange Saloon
Badges
Playlists
Quests
Create
Leaderboards
Showdown
Live 5
Trivia Bingo
Activity
Puzzle Library
Sporcle Events
Private Events
Virtual Trivia
Globe League
Become a Host
Pub Owners
SporcleCon
Opinionation
Our Games
Videos
Blog
Mobile Apps
Partnerships
Remove Ads and Go Orange
Feedback
Gaming
Video Games
Board Games
Card Games
Pokémon
Mario
Nintendo
Minecraft
Console
Toys
Legend of Zelda
Gaming
Video Games
Board Games
Card Games
Pokémon
Mario
Nintendo
Minecraft
Console
Toys
Legend of Zelda
Random Quiz
Search Sporcle
×
Quiz Lab
Quiz Lab
Gaming
Pokémon
Type in answers that appear in a list
Type in answers that appear in a list
Classic
Best Score? Go Orange.
We're Going Places: Pokemon Stats
Can you name the Pokemon games based on the locations?
By
slendon19
10m
22 Questions
55 Plays
55 Plays
55 Plays
Comments
Comments
Give Quiz Kudos
Give Quiz Kudos
-
- Ratings
hide this ad
Forced Order
Answers have to be entered in order
Answers have to be entered in order
Random Order
Randomize order of answers
Randomize order of answers
Replay
Link that replays current quiz
Next Quiz
Link to next quiz in quiz playlist
You Got
0%
They Got
Avg Score
42%
Avg Friend Score
Upgrade to see
Score Distribution
Jump to the score distribution portion of the page
Score
0/22
Timer
10:00
0
Plays Today
Hint
Answer
% Correct
Pallet Town, Viridian City, Celadon City
Pokemon Red/Blue/Yellow
76.4%
Goldenrod City, Azalea Town, Olivine City
Pokemon Gold/Silver/Crystal
76.4%
Twinleaf Town, Jubilife City, Oreburgh City
Pokemon Diamond/Pearl/Platinum
76.4%
Anville Town, Castelia City, Accumula Town
Pokemon Black/White
74.5%
Littleroot Town, Mossdeep City, Sootopolis City
Pokemon Ruby/Sapphire/Emerald
72.7%
Anistar City, Couriway Town, Coumarine Town
Pokemon X
70.9%
Iki Town, Po Town, Mahalo Trail
Pokemon Sun/Moon
65.5%
Phenac Colosseum, Orre Colosseum, Pyrite Colosseum
Pokemon Colosseum
63.6%
New York City, San Francisco, Chicago
Pokemon Go
58.2%
Volcano, Cave, River
Pokemon Snap
43.6%
Crystal Cave, Marine Cave, Hippowdon Temple
Pokemon Ranger: Shadows of Almia
38.2%
Hint
Answer
% Correct
Lyra Forest, Sekra Range, Olive Jungle
Pokemon Ranger
34.5%
Arcane Zone, Cake Zone, Wish Park
Pokepark 2
27.3%
Rasp Cavern, Fire Temple, Ice Temple
Pokemon Ranger: Guardian Signs
27.3%
Meadow Zones, Flower Zone, Granite Zone
Pokepark
23.6%
Terrara, Illusio, Valora
Pokemon Conquest
21.8%
Wish Cave, Magma Cavern, Lightning Field
Pokemon Mystery Dungeon: Red/Blue Rescue Team
18.2%
Stony Cave, Slumbering Cave, Breezy Plains
Pokemon Mystery Dungeon: Gates To Infinity
14.5%
Cave of the Deep, Fire Island Volcano, Great Canyon
Pokemon Super Mystery Dungeon
14.5%
Crevice Cave, Tiny Meadow, Giant Volcano
Pokemon Mystery Dungeon: Explorers of Sky/Time/Darkness
14.5%
Night Festival, Isle Asul, Rainbow Park
Pokemon Shuffle
10.9%
Ruby Volcano, Sapphire Sea, Dewdrop Bay
Pokemon Rumble World
10.9%
Quiz Playlist
Details
Report
Send in Message
Add To Playlist
Classic:
Type in answers that appear in a list
Forced Order:
Answers have to be entered in order
Random Order:
Randomize order of answers
Last Updated: Mar 3, 2017
Quiz Scoreboard
CHALLENGE
Sign Up to Join the Scoreboard
Show All
Scores
Hide
Comments
May contain spoilers
Recently Published
Two Season TV Shows II
by 123Four
Television
10m
Image Sorting: Flags VI
by Barbecue
Geography
2m
Find the 'City' Movie
by crazypaving
Movies
60s
More to Explore
Quiz From the Vault
Featured Blog Post
14 Easter Pick-up Lines to Find Eggs With
hide this ad
You Might Also Like...
Tags
Pokémon Quiz
location
place
Today's Top Quizzes in Gaming
Browse Gaming
hide this ad
Today's Top Quizzes in Pokémon
Browse Pokémon
Top Contributed Quizzes in Gaming
1
League of Legends Pro Players by Career/Team History
2
Destiny 2 exotic weapons by perk icons
3
Genshin Impact Logic Puzzle
4
Genshin murder mystery
5
Dead By Daylight Logic Puzzle
6
4x4 Decades: Video Games
7
Ultimate Genshin Impact Logic Puzzle (up to 4.3)
8
Genshin Impact Logic Puzzle Quiz
9
Overwatch Logic Puzzle
10
Who's on the WWE 2K24 Cover?
Explore More
Trending Topics
Crossword
Harry Potter
Disney
Marvel
Anime
Kpop
NBA
The Office
NFL
Puzzle
Country
WWE
Song
Soccer
Pokémon
hide this ad
More By:
slendon19
Quiz
Plays
Rating
Category
Featured
Created
Minecraft Grab Bag
3,190
3.69
Gaming
May 17, 2016
Find the Dragon Pokemon
2,203
4.75
Gaming
Dec 20, 2016
Ultimate Pokemon Grab Bag (All Gens)
1,611
4.00
Gaming
Aug 30, 2016
Name the Baldi's Basics Characters
1,281
5.00
Gaming
Jun 28, 2018
Pokemon True or False
1,188
2.25
Gaming
Oct 13, 2016
Go to Creator's Profile
Score Distribution
Quiz Creator Spotlight
slendon19
Follow
Send a Message
Quizzes Created
-
Created Quiz Play Count
-
More By This Creator
Popular Quizzes Today
1
Find the US States - No Outlines Minefield
2
Colored Red Africa Blitz
3
Find the 'City' Movie
4
5x2 Blitz: Bands
5
The Countries of the World
6
Find the Countries of Europe - No Outlines Minefield
7
Find the US States
8
US States
More Gaming Quizzes
Pokémon by Card Art: Fossil
Editor's Pick
Trending Quizzes
Colored Red Europe Blitz I
Colored Red Africa Blitz II
Colored Red Europe Blitz II
Colored Red Africa Blitz III
Even More Two Season TV Shows
Recently Updated
March Madness Men's Triple Doubles
pecheneg
How Do You Spell That?
pecheneg
Godzilla Movies
pecheneg
Grab Bag: 4-10 Letters
pecheneg
2024 March Madness Bracket
pecheneg
Famous TV Couples
Peacemaker
Champions League XIs: Real Madrid
pecheneg
Largest US Cities 1790-2010
pecheneg
Rides in Walt Disney World
pecheneg
Most Oscar Losses (Acting)
pecheneg
Trending Topics
Kpop
Crossword
Anime
Disney
Harry Potter
NBA
Marvel
NFL
WWE
Country
Soccer
The Office
Song
Pokémon
Puzzle
Your Account Isn't Verified!
In order to create a playlist on Sporcle, you need to verify the email address you used during registration. Go to your
Sporcle Settings
to finish the process.
Report this User
Report this user for behavior that violates our
Community Guidelines
.
Details:
Send Report
Go to the Sporcle.com Mobile Site →
Comments